01005nam a2200241Ia 4500008004100000020001500041082001300056100001300069245004300082250000800125260002700133300001300160500002400173650001600197700002800213942000700241952010000248952010000348952010000448952010000548952010000648999001500748230524s9999 xx 000 0 und d a8170083656 a510bBAL aN.P Bali 2aA Text Book of Engineering Mathematics a6TH aNEW DELHIbLaxmic2004 aVII;1425 aQuantity Number: 5 aMathematics a N.Ch. Narayana Iyengar cBK 00104070aTATCLbTATCLcGENd2023-05-24l0o510 BALp1240r2023-05-24w2023-05-24yBKzBS1101 00104070aTATCLbTATCLcGENd2023-05-24l0o510 BALp1241r2023-05-24w2023-05-24yBKzBS1101 00104070aTATCLbTATCLcGENd2023-05-24l0o510 BALp1242r2023-05-24w2023-05-24yBKzBS1101 00104070aTATCLbTATCLcGENd2023-05-24l0o510 BALp1243r2023-05-24w2023-05-24yBKzBS1101 00104070aTATCLbTATCLcGENd2023-05-24l0o510 BALp1244r2023-05-24w2023-05-24yBKzBS1101 c1365d1365